Associe le titre au rappeur - Statistiques

Statistiques générales
  • Ce quiz a été pris 56 fois
  • Le résultat moyen est 18 sur 45
Statistiques - réponses
Hint Réponse % Correct
Un Poco Ninho
72%
Champs - Elysées SCH
72%
Signaler Damso
67%
Elle m'a eu Ninho
67%
Pétunias Werenoi
63%
Italia Jul
60%
Chemin d'or Werenoi
60%
911 Damso
51%
BWO Jul
51%
Médusa Landy
51%
Galatée Nekfeu
49%
Fusil SCH
49%
Humanoïde Nekfeu
47%
Princesse Nekfeu
44%
Jeune lossa Ninho
44%
Sky Priority Ninho
44%
Un gaou à Saint-Denis Landy
42%
Marché noir SCH
42%
Solitaire Werenoi
42%
Amnésia Jul
40%
Marie Koba la D
40%
Le zin / La zine Naps
40%
Medellin Niska
40%
Polo Kenzo Naps
37%
Faf Werenoi
37%
Graine de sablier Damso
35%
Ils m'ignorent Jul
35%
B.O.C Niska
35%
Parapluie Tiakola
35%
Coucher de Soleil Tiakola
35%
A&H Leto
33%
Premier pas Nekfeu
30%
2 Diamants Damso
28%
Jeu dangereux Leto
28%
C'est ça les zhommes Naps
28%
Neuer SCH
26%
Psychologique Tiakola
26%
Le Nord Leto
23%
Skalape Landy
21%
Le même Landy
19%
Changer de vie Leto
19%
H&M Niska
16%
Jnouné Naps
14%
Des flingues et des roses Niska
9%
Mise en garde Tiakola
9%
Aucun quiz correspondant
Distribution des résultats
% des personnes avec chaque résultat
Percentile par nombre de réponses
Votre historique - résultats
Vous n’avez pas pris ce quiz